Baillie-ki-paltan; (Record no. 85653)
[ view plain ]
| 000 -LEADER | |
|---|---|
| fixed length control field | 00660nam a22001811 4500 |
| 001 - CONTROL NUMBER | |
| control field | sa 68014266 |
| 003 - CONTROL NUMBER IDENTIFIER | |
| control field | DLC |
| 005 - DATE AND TIME OF LATEST TRANSACTION | |
| control field | 20260227112630.0 |
| 008 - FIXED-LENGTH DATA ELEMENTS--GENERAL INFORMATION | |
| fixed length control field | 711115s1932 ii b b 00000 eng |
| 010 ## - LIBRARY OF CONGRESS CONTROL NUMBER | |
| LC control number | sa 68014266 |
| 050 0# - LIBRARY OF CONGRESS CALL NUMBER | |
| Classification number | UG103 |
| Item number | .M87 |
| 100 10 - MAIN ENTRY--PERSONAL NAME | |
| Personal name | Murland, H. F. |
| 245 00 - TITLE STATEMENT | |
| Title | Baillie-ki-paltan; |
| Remainder of title | being a history of the 2nd Battalion, Madras Pioneers, formerly the IV Madras Pioneers, 1759-1930. |
| 260 0# - PUBLICATION, DISTRIBUTION, ETC. | |
| Place of publication, distribution, etc. | Madras, |
| Name of publisher, distributor, etc. | Published for the Regiment by Higginbothams, |
| Date of publication, distribution, etc. | 1932. |
| 300 ## - PHYSICAL DESCRIPTION | |
| Extent | viii, 602 p. |
| Other physical details | maps. (part col., part fold.) |
| Dimensions | 26 cm. |
| 504 ## - BIBLIOGRAPHY, ETC. NOTE | |
| Bibliography, etc. note | Bibliography: p. 594-597. |
| 610 10 - SUBJECT ADDED ENTRY--CORPORATE NAME | |
| Corporate name or jurisdiction name as entry element | India. |
| Subordinate unit | Army. |
| -- | Corps of Madras Pioneers. |
| -- | 2d Battalion. |
No items available.